[Event "Madrid-ch Seniors 50"]
[Site "Madrid"]
[Date "2022.04.05"]
[Round "7"]
[White "Alberdi Garcia, Carlos Alfonso"]
[Black "Garcia Martin, Esteban"]
[Result "1-0"]
[WhiteElo "1681"]
[BlackElo "1895"]
[PlyCount "109"]
[EventDate "2022.03.28"]
[EventType "swiss"]
[EventRounds "9"]
[EventCountry "ESP"]
[SourceTitle "EXT 2023"]
[Source "ChessBase"]
[SourceDate "2022.10.05"]
[SourceVersion "1"]
[SourceVersionDate "2022.10.05"]
[SourceQuality "1"]

1. d4 Nf6 2. Nf3 b6 3. e3 Bb7 4. Bd3 e6 5. 0-0 Be7 6. Nbd2 c5 7. c3 Nc6 8. Qe2 d5 9. Rd1 Qc7 10. dxc5 bxc5 11. e4 0-0 12. e5 Nd7 13. Re1 Rfe8 14. Nf1 f6 15. Bf4 fxe5 16. Nxe5 Ndxe5 17. Bxe5 Nxe5 18. Qxe5 Qxe5 19. Rxe5 Bf6 20. Re2 g6 21. f4 e5 22. fxe5 Rxe5 23. Rxe5 Bxe5 24. Re1 Re8 25. Rd1 d4 26. cxd4 Bxd4+ 27. Kh1 Rf8 28. Rd2 Kg7 29. b3 Be4 30. Bc4 h5 31. h3 h4 32. Nh2 Re8 33. Rd1 Rf8 34. Rd2 g5 35. Re2 Rf4 36. Rd2 Kf8 37. Re2 a5 38. Rd2 Ke7 39. Re2 Kd6 40. Rd2 Kc6 41. Re2 Bd5 42. Bxd5+ Kxd5 43. Nf3 g4 44. hxg4 Rxg4 45. Kh2 c4 46. bxc4+ Kxc4 47. Kh3 Rg8 48. Re4 Rd8 49. Rxd4+ Rxd4 50. Nxd4 Kxd4 51. Kxh4 Ke5 52. Kg5 Ke6 53. a4 Kf7 54. Kf5 Kg7 55. Ke5 1-0